LEADER 00911nam a2200253 i 4500 001 991002914679707536 008 160414s2014 it b 001 0 ita d 020 $a9788843074105 035 $ab14253434-39ule_inst 040 $aDip. di Studi Umanistici$bita 082 0 $a507 100 1 $aCiardi, Marco$061439 245 10$aGalileo & Harry Potter :$bla magia può aiutare la scienza? /$cMarco Ciardi 260 $aRoma :$bCarocci,$c2014 300 $a131 p. :$bill. ;$c22 cm 440 0$aSfere [Carocci] ;$v97 504 $aBibliografia: p. 115-125. Indice 650 7$aScienze$xDivulgazione 907 $a.b14253434$b11-07-16$c14-04-16 912 $a991002914679707536 945 $aLE007 507 CIA 01.01$g1$i2007000272565$lle007$op$pE13.00$q-$rl$s- $t0$u0$v0$w0$x0$y.i1572766x$z11-07-16 996 $aGalileo & Harry Potter$9253481 997 $aUNISALENTO 998 $ale007$b14-04-16$cm$da $e-$fita$git $h0$i0 LEADER 00979nam a22002531i 4500 001 991000929929707536 005 20040215191752.0 008 040220s1970 it a||||||||||||||||ita 035 $ab12691860-39ule_inst 035 $aARCHE-069022$9ExL 040 $aDip.to Scienze pedagogiche$bita$cA.t.i. Arché s.c.r.l. Pandora Sicilia s.r.l. 082 04$a331.8 100 1 $aChapanis, Alphonse$0108632 245 12$aL'ergonomia :$bintroduzione allo studio dei sistemi uomo-macchina /$cAlphonse Chapanis 260 $aMilano :$bF. Angeli,$cc1970 300 $a155 p. :$bill. ;$c22 cm 440 0$aFormazione permanente.$pSezione 2,$pnuove tecniche ;$v2/5 650 4$aErgonomia 907 $a.b12691860$b02-04-14$c17-03-04 912 $a991000929929707536 945 $aLE022 MPs-S 114 D 36$g1$i2022000169486$lle022$o-$pE0.00$q-$rl$s- $t0$u0$v0$w0$x0$y.i13203617$z17-03-04 996 $aErgonomia$9271835 997 $aUNISALENTO 998 $ale022$b17-03-04$cm$da $e-$fita$git $h2$i1